| 000 | 01006nam a22003257a 4500 | ||
|---|---|---|---|
| 003 | CHAP | ||
| 005 | 20220329140838.0 | ||
| 008 | 971013s1979 r 00010 d | ||
| 010 | _a58528 | ||
| 011 | _a59500 | ||
| 035 | _a63658 | ||
| 040 | _cCHAP | ||
| 090 | _aFolleto 6459 (1979) | ||
| 100 | 0 | 0 |
_aSutcliffe, James F. _9110792 |
| 245 | _aPlants and water | ||
| 250 | _a2 ed. | ||
| 260 |
_aLondon : _bArnold, _c1979 |
||
| 300 |
_a122 p. _b: ilus. |
||
| 490 |
_aStudies in biology _v; 14 |
||
| 590 |
_aBATCH-UPD _b10 _c20130110 _lUCH01 _h0351 |
||
| 590 |
_aBATCH-UPD _b10 _c20130110 _lUCH01 _h2144 |
||
| 590 |
_aCONVERSION _b10 _c20130109 _lUCH01 _h1331 |
||
| 650 | 1 | 4 |
_aPlantas _xAgua requerida. _988790 |
| 830 | 0 |
_aStudies in biology _v; 14 _9110061 |
|
| 901 | _aBK | ||
| 942 | _cFOLL | ||
| 949 |
_aFolleto 6459 (1979) _bBC _cFOLL _d-137072 _eTS1 _i63658 _si |
||
| 949 |
_aFolleto 6459 (1979) _bBC _cFOLL _d-137073 _eTS2 _fc.2 _i63658 _si |
||
| 949 |
_aFolleto 6459 (1979) _bBC _cFOLL _d-137074 _eTS2 _fc.3 _i63658 _si |
||
| 999 |
_c58528 _d58528 |
||